000 00913nam a22002297a 4500
999 _c3567
_d3567
003 AR-CdUCM
008 190306b ||||| |||| 00| 0 spa d
040 _aMUNICIPALIDAD PROVINCIAL DEL CUSCO
_cBIBLIOTECA MUNICIPAL DEL CUSCO
041 _heng
082 _a327.73 /
_bW57
100 _aWilliams, William Appleman
_911681
245 _aLa tragedia de la diplomacia norteamericana /
260 _aBuenos Aires :
_bGrijalbo,
_c1960.
300 _a293 páginas ;
_c20 cm.
505 _aContenido: La historia y la crisis actual -- Anticolonialismo imperial -- El imperialismo del idealismo -- La manera ascendente de la revolución -- La leyenda del aislacionismo -- La guerra por la frontera norteamericana ...
650 _aEstados Unidos
_91805
650 _aRelaciones exteriores
_94428
650 _aSiglo XX
_98
700 _aMazía, Floreal (traducción)
_911682
942 _2ddc
_cLIBROS
945 _aachl